Catalogue of the Arabic Manuscripts/ 1.Quran Literature, Vol.2 (Record no. 2765)

MARC details
000 -LEADER
fixed length control field 00605nam a2200241 a 4500
020 ## - INTERNATIONAL STANDARD BOOK NUMBER
ISBN
082 00 - DEWEY DECIMAL CLASSIFICATION NUMBER
Classification number 017.927
Author Cutter STO
100 ## - MAIN ENTRY--AUTHOR NAME
Author name Storey, M A
245 ## - TITLE STATEMENT
Title Catalogue of the Arabic Manuscripts/ 1.Quran Literature, Vol.2
260 ## - PUBLICATION, DISTRIBUTION, ETC. (IMPRINT)
Place of publication Oxford
Name of publisher Oxford University Press
Year of publication 1930
300 ## - PHYSICAL DESCRIPTION
Number of Pages 95p
500 ## - GENERAL NOTE
General note includes index and biblioraphy
505 2# - FORMATTED CONTENTS NOTE
Formatted contents note Index
650 ## - SUBJECT ADDED ENTRY--TOPICAL TERM
Topical Term Catalogue-Arabic
942 ## - ADDED ENTRY ELEMENTS (KOHA)
Koha item type Books
700 1# -
-- Storey, M A
Holdings
Collection code Home library Current library Shelving location Date acquired Cost, normal purchase price Full call number Accession Number Koha item type
Reference Henry Martyn Institute Library Henry Martyn Institute Library Reference 05/24/2005 0.00 017.927 STO 1932 Archive Book
                   Copyright © 2026 | Henry Martyn Institute | Hyderabad | TS-500052 | INDIA | Implemented by hmi.edu.in
Hit-Count:

Powered by Koha